Nekalá súťaž v reklame a skrytá reklama, ako nekalá praktika marketingovej komunikácie v EÚ

Definícia pojmu reklama a vybrané formy reklamnej propagácie. Skrytá reklama ako zakázaná forma marketingovej komunikácie. Umiestňovanie produktov (product placement). Skrytá reklama a nekalá súťaž.

Enregistré dans:
Détails bibliographiques
Auteur principal: Luprichová, Petronela
Format: Chapitre de livre
Langue:slovaque
Sujets:
Tags: Ajouter un tag
Pas de tags, Soyez le premier à ajouter un tag!

MARC

LEADER 00000nla$a2200000$$$4500
001 0092513
005 20240502083235.4
041 0 |a slo 
044 |a CZ 
245 1 0 |a Nekalá súťaž v reklame a skrytá reklama, ako nekalá praktika marketingovej komunikácie v EÚ  |c Petronela Luprichová 
520 |a Definícia pojmu reklama a vybrané formy reklamnej propagácie. Skrytá reklama ako zakázaná forma marketingovej komunikácie. Umiestňovanie produktov (product placement). Skrytá reklama a nekalá súťaž. 
610 2 0 |a reklama 
610 2 0 |a propagácia skrytá 
610 2 0 |a súťaž nekalá 
610 2 0 |a komunikácia marketingová 
610 2 0 |a Európska únia 
100 1 |a Luprichová, Petronela